[Event "Challenge"]
[Site "http://www.queenalice.com/game.php?id=721838"]
[Date "2010.1.28"]
[Round "-"]
[White "LuizFerreira"]
[Black "Yota_VGA"]
[Result "0-1"]
[WhiteElo "1365"]
[BlackElo "1428"]

1. d4 c6 2. Nf3 d5 3. g3 Bg4 4. h3 Bxf3 5. exf3 c5 6. c3 Nc6 7. h4 e5 8. f4 exd4
9. cxd4 Nf6 10. Bb5 Be7 11. Qd2 O-O 12. Qe3 Nxd4 13. Ba4 Nc2+ 14. Bxc2 Re8 15.
Qb3 c4 16. Qxb7 Bb4+ 17. Kf1 Qb8 18. Qc6 Re6 19. Qa4 Qb7 20. Bf5 Re1+ 21. Kg2
d4+ 22. f3 Re2+ 23. Kh3 Qxf3 24. Rg1 Qf2 25. Be3 Qh2# 0-1

[Event "Challenge"]
[Site "http://www.queenalice.com/game.php?id=726951"]
[Date "2010.2.6"]
[Round "-"]
[White "horsemen"]
[Black "Yota_VGA"]
[Result "0-1"]
[WhiteElo "1390"]
[BlackElo "1361"]

1. e4 c5 2. Nf3 Nf6 3. c3 d5 4. e5 Ne4 5. d4 Bf5 6. Nbd2 e6 7. a3 Nc6 8. h3 cxd4
9. Nxd4 Bc5 10. f3 Ng3 11. Rh2 O-O 12. Bb5 Qg5 13. Bxc6 Bxd4 14. Bxb7 Rab8 15.
Ba6 Bxe5 16. c4 Qe3+ 17. Qe2 Nxe2 18. g4 Bxh2 19. Nf1 Bg3+ 20. Nxg3 Bd3 21. Bxe3
Nxg3 22. O-O-O Rb3 23. Bxa7 Ra8 24. c5 Bxa6 25. Bb6 Bd3 26. c6 Nf1 27. Re1 Rxb6
28. c7 Rc8 29. Rd1 Rxc7# 0-1

[Event "Challenge"]
[Site "http://www.queenalice.com/game.php?id=731189"]
[Date "2010.2.13"]
[Round "-"]
[White "Ripol3"]
[Black "Yota_VGA"]
[Result "0-1"]
[WhiteElo "1137"]
[BlackElo "1317"]

1. e4 c5 2. c4 Nc6 3. Nf3 e5 4. Nc3 d6 5. Nd5 Be7 6. d3 Bg4 7. Nxe7 Ngxe7 8. Be2
O-O 9. Bg5 Qa5+ 10. Kf1 Ng6 11. Nxe5 Ngxe5 12. Bxg4 Nd4 13. Bf5 Rfe8 14. Bf4
Nxf5 15. Bxe5 Rxe5 16. exf5 Rxf5 17. h4 d5 18. Qb3 Qd2 19. Kg1 Qxf2+ 20. Kh2 Rf3
21. cxd5 Rg3 22. Rag1 Re8 23. d6 Ree3 24. d7 Rh3# 0-1

[Event "Let's Play Chess!"]
[Site "http://www.queenalice.com/game.php?id=732150"]
[Date "2010.2.15"]
[Round "-"]
[White "Yota_VGA"]
[Black "Nikita"]
[Result "0-1"]
[WhiteElo "1451"]
[BlackElo "1483"]

1. e4 e5 2. Nf3 f6 3. d4 exd4 4. Nxd4 d5 5. Bb5+ c6 6. Be2 Bb4+ 7. Nc3 dxe4 8.
Bf4 Bxc3+ 9. bxc3 Na6 10. O-O Nc5 11. Bh5+ g6 12. Bg4 Bxg4 13. Qxg4 Na4 14. Rfe1
Nxc3 15. Qe6+ Qe7 16. Re3 g5 17. Bd6 Qxe6 18. Nxe6 Kd7 19. Rxc3 Kxe6 20. Rd1 Nh6
21. Re3 Rad8 22. Rxe4+ Kf5 23. Re7 Ng8 24. Rxb7 Ke6 25. Rxa7 Rxd6 26. Rd3 Rxd3
27. cxd3 Ne7 28. Rb7 Ra8 29. Rb2 Nd5 30. Re2+ Kd6 0-1

[Event "Challenge"]
[Site "http://www.queenalice.com/game.php?id=735130"]
[Date "2010.2.20"]
[Round "-"]
[White "flaviovieira"]
[Black "Yota_VGA"]
[Result "0-1"]
[WhiteElo "1767"]
[BlackElo "1417"]

1. e4 c5 2. Nf3 Nc6 3. Bb5 Nf6 4. Bxc6 bxc6 5. Nc3 d6 6. b3 e5 7. O-O Ba6 8. d3
d5 9. Bg5 Be7 10. Bxf6 Bxf6 11. Na4 dxe4 12. Nxc5 exf3 13. Qxf3 Qc8 14. Rfe1 O-O
15. c4 Be7 16. Nxa6 Qxa6 17. Rxe5 Bf6 18. Rc5 Bxa1 19. Rxc6 Qa5 20. h3 Qe1+ 21.
Kh2 Be5+ 22. g3 Qf1 23. a4 Bd4 24. h4 Rae8 25. b4 Bxf2 26. c5 Re3 27. Qg2 Qxg2+
28. Kxg2 Be1 29. b5 Bxg3 30. d4 Re6 31. Rxe6 fxe6 32. Kxg3 Rc8 33. Kf3 Rd8 34.
Ke4 g5 35. hxg5 h5 36. c6 h4 37. Ke5 h3 38. c7 Rc8 39. Kd6 h2 40. Kd7 Rxc7+ 41.
Kxc7 h1=Q 42. Kb8 Qa1 43. Kxa7 Qxa4+ 44. Kb6 Qxd4+ 45. Ka6 Qd5 46. b6 Qa8+ 47.
Kb5 Qb7 48. Kc5 Kg7 49. Kb5 Kg6 50. Kc5 Kxg5 51. Kd6 Qxb6+ 52. Ke5 Qc6 53. Kd4
Qd5+ 54. Ke3 Kg4 55. Kf2 Qf3+ 56. Ke1 Qg2 57. Kd1 Qf2 58. Kc1 Qe2 59. Kb1 Qd2
60. Ka1 Kf3 61. Kb1 Ke3 62. Ka1 Kd3 63. Kb1 Kc3 64. Ka1 Qb2# 0-1

[Event "Challenge"]
[Site "http://www.queenalice.com/game.php?id=818885"]
[Date "2010.8.16"]
[Round "-"]
[White "Yota_VGA"]
[Black "sandrino72"]
[Result "0-1"]
[WhiteElo "1414"]
[BlackElo "1500"]

1. e4 d6 2. Bc4 Nf6 3. Nc3 g6 4. Nf3 Bg7 5. O-O O-O 6. d4 c6 7. Bf4 b5 8. e5 Nh5
9. Bb3 Nxf4 10. Ng5 Ne6 11. Qg4 Nxg5 12. Qxg5 h6 13. Qf4 d5 14. a4 b4 15. Ne2 e6
16. Qd2 a5 17. c3 Qe7 18. cxb4 Qxb4 19. Qxb4 axb4 20. Rac1 Bd7 21. Rc5 Na6 22.
Ra5 c5 23. dxc5 Bxe5 24. f4 Bc7 25. Rxa6 Rxa6 0-1

[Event "Challenge"]
[Site "http://www.queenalice.com/game.php?id=820182"]
[Date "2010.8.19"]
[Round "-"]
[White "Yota_VGA"]
[Black "vinoseco"]
[Result "1-0"]
[WhiteElo "1386"]
[BlackElo "1276"]

1. e4 Nf6 2. d3 Nc6 3. Bg5 Ng8 4. Nf3 h6 5. Bf4 e5 6. Bxe5 d6 7. Bf4 g5 8. Bd2
g4 9. Nh4 Qxh4 10. Be2 Ne5 11. Nc3 Be6 12. O-O g3 13. fxg3 Qe7 14. Bh5 c5 15.
Bf4 Nc6 16. Nd5 Bxd5 17. exd5 Nb4 18. Re1 O-O-O 19. Rxe7 Bxe7 20. Bxf7 Nf6 21.
Qe2 Rd7 22. Be6 h5 23. Bxd7+ Kxd7 24. Re1 Nfxd5 25. c3 Nxa2 26. Qe6+ Kc6 27. c4
Nf6 28. Qxe7 Ne8 29. Qd8 Rh7 30. Rxe8 Nc1 31. Bxc1 Rd7 32. Qxd7+ Kxd7 33. Ra8 a6
34. Rh8 a5 35. Rxh5 a4 36. Bf4 Kc6 37. Rh6 Kb6 38. Rxd6+ Ka5 39. Bd2# 1-0

[Event "Challenge"]
[Site "http://www.queenalice.com/game.php?id=820538"]
[Date "2010.8.19"]
[Round "-"]
[White "Laramsm"]
[Black "Yota_VGA"]
[Result "0-1"]
[WhiteElo "1105"]
[BlackElo "1410"]

1. d4 c6 2. Nf3 d5 3. e3 Bf5 4. Ne5 Nd7 5. Qh5 g6 6. Qe2 f6 7. Na3 Nxe5 8. dxe5
fxe5 9. b4 e6 10. Qb5 cxb5 11. Bxb5+ Kf7 12. O-O Bxb4 13. Rb1 Qd6 14. f3 Bxa3
15. Bxa3 Qxa3 16. Rfc1 Qxa2 17. Rb4 Bxc2 18. f4 exf4 19. Rf1 Be4 20. Rxe4 dxe4
21. Rxf4+ Nf6 22. g4 Rac8 23. Rf2 Rc1+ 24. Bf1 Rc2 25. Rf4 Rd8 26. g5 Rd1 27.
Rxf6+ Kg7 28. h4 Qd5 29. Rf4 Qd2 30. Rg4 Qh2# 0-1

[Event "CN contro PA"]
[Site "http://www.queenalice.com/game.php?id=824189"]
[Date "2010.8.27"]
[Round "-"]
[White "ernesto_che"]
[Black "Yota_VGA"]
[Result "1-0"]
[WhiteElo "2186"]
[BlackElo "1417"]

1. Nf3 d5 2. c4 dxc4 3. e3 Be6 4. Nc3 Nc6 5. Be2 Nf6 6. Qa4 Bd5 7. Nxd5 Nxd5 8.
Qxc4 e6 9. O-O Be7 10. d4 O-O 11. Bd2 Qd6 12. a3 e5 13. dxe5 Nxe5 14. Nxe5 Qxe5
15. f4 Qe6 16. Qb3 Nxf4 17. Qxe6 Nxe6 18. Bf3 Bf6 19. Rab1 Rfd8 20. Rfd1 Rab8
21. b3 Nc5 22. b4 Nd3 23. Be1 Bg5 24. Bg3 Bxe3+ 25. Kf1 Bb6 26. Be2 a5 27. Rxd3
Rxd3 28. Bxd3 axb4 29. Rxb4 Re8 30. Rc4 c6 31. Rb4 Bc5 32. Rxb7 1-0

[Event "Let's Play Chess!"]
[Site "http://www.queenalice.com/game.php?id=859368"]
[Date "2010.11.15"]
[Round "-"]
[White "redkitten"]
[Black "Yota_VGA"]
[Result "0-1"]
[WhiteElo "1880"]
[BlackElo "1438"]

1. e4 c5 2. Bc4 Nc6 3. Qf3 Nh6 4. c3 d6 5. d4 cxd4 6. Bxh6 Ne5 7. Bxf7+ Nxf7 8.
Bd2 e5 9. cxd4 exd4 10. Ne2 Qb6 11. O-O Be7 12. Bc1 Be6 13. b3 O-O-O 14. Bb2 Bf6
15. Nd2 Kb8 16. Rfc1 Bg5 17. Nc4 Bxc4 18. Rxc4 Ne5 19. Qf5 Nxc4 20. Bxd4 Qa5 21.
Qxg5 Qxg5 22. bxc4 Qd2 23. Kf1 Rhe8 24. f3 Rc8 25. a4 Rxc4 0-1

[Event "rematch"]
[Site "http://www.queenalice.com/game.php?id=885965"]
[Date "2011.1.13"]
[Round "-"]
[White "Yota_VGA"]
[Black "redkitten"]
[Result "0-1"]
[WhiteElo "1438"]
[BlackElo "1889"]

1. e4 e5 2. Nf3 Nc6 3. Bc4 Bc5 4. d3 Nf6 5. Nc3 d6 6. Bg5 h6 7. Bxf6 Qxf6 8. Qd2
Bg4 9. O-O-O Bxf3 10. gxf3 Qxf3 11. Rhg1 Qxf2 12. Rg2 Qxd2+ 13. Rdxd2 Be3 14.
Nd5 Bxd2+ 15. Rxd2 O-O-O 0-1